Formirovanije assortimenta tovarov v rozničnoj torgovle

Salvato in:
Dettagli Bibliografici
Autore principale: Polonskaja, Lidija
Altri autori: Turijanskaja, Marija Michajlovna
Natura: Libro
Lingua:russo
Pubblicazione: Kijev Technika 1982
Tags: Aggiungi Tag
Nessun Tag, puoi essere il primo ad aggiungerne!!

MARC

LEADER 00000nam a2200000 4500
001 c114878
005 20041019155159.8
041 0 |a rus 
044 |a UA 
245 1 0 |a Formirovanije assortimenta tovarov v rozničnoj torgovle  |c Lidija Polonskaja, Marija Michajlovna Turijanskaja 
264 1 |a Kijev  |b Technika  |c 1982 
300 |a 95 s. 
100 1 |a Polonskaja, Lidija 
700 1 |a Turijanskaja, Marija Michajlovna